ARRUPE JESUIT UNIVERSITY

CORONAVIRUS -STOP THE SPREAD - CLEAN,DISINFECT,COVER

Lent : (Record no. 121077)

MARC details
000 -LEADER
fixed length control field 00916cam a2200313 a 4500
001 - CONTROL NUMBER
control field 4516111
003 - CONTROL NUMBER IDENTIFIER
control field ARRUPE
005 - DATE AND TIME OF LATEST TRANSACTION
control field 20141003132959.0
008 - FIXED-LENGTH DATA ELEMENTS--GENERAL INFORMATION
fixed length control field 970212s1997 nyua 000 0 eng
010 ## - LIBRARY OF CONGRESS CONTROL NUMBER
LC control number 96045059
020 ## - INTERNATIONAL STANDARD BOOK NUMBER
International Standard Book Number 157075103X
020 ## - INTERNATIONAL STANDARD BOOK NUMBER
International Standard Book Number 1570751021
020 ## - INTERNATIONAL STANDARD BOOK NUMBER
International Standard Book Number 1570751048 (set : pbk.)
035 ## - SYSTEM CONTROL NUMBER
System control number (OCoLC)35701198
035 ## - SYSTEM CONTROL NUMBER
System control number (OCoLC)ocm35701198
035 ## - SYSTEM CONTROL NUMBER
System control number (NNC)4516111
040 ## - CATALOGING SOURCE
Original cataloging agency DLC
Transcribing agency DLC
Modifying agency DLC
090 ## - LOCALLY ASSIGNED LC-TYPE CALL NUMBER (OCLC); LOCAL CALL NUMBER (OCLC)
Classification number (OCLC) (R) ; Classification number, CALL (RLIN) (NR) BV4277
Local cutter number (OCLC) ; Book number/undivided call number, CALL (RLIN) .M34 1997
300 ## - PHYSICAL DESCRIPTION
Other physical details ill. ;
Dimensions 21 cm
100 1# - MAIN ENTRY--PERSONAL NAME
Personal name McKenna, Megan.
9 (RLIN) 11889
245 10 - TITLE STATEMENT
Title Lent :
Remainder of title the Sunday readings : reflections and stories /
Statement of responsibility, etc Megan McKenna
260 ## - PUBLICATION, DISTRIBUTION, ETC. (IMPRINT)
Place of publication, distribution, etc Maryknoll, N.Y. :
Name of publisher, distributor, etc Orbis Books,
Date of publication, distribution, etc c1997
300 ## - PHYSICAL DESCRIPTION
Extent viii, 216 p. :
610 20 - SUBJECT ADDED ENTRY--CORPORATE NAME
Corporate name or jurisdiction name as entry element Catholic Church
Form subdivision Sermons.
9 (RLIN) 12048
650 #0 - SUBJECT ADDED ENTRY--TOPICAL TERM
Topical term or geographic name as entry element Lenten sermons.
9 (RLIN) 11676
650 #0 - SUBJECT ADDED ENTRY--TOPICAL TERM
Topical term or geographic name as entry element Sermons, American.
9 (RLIN) 12049
650 #0 - SUBJECT ADDED ENTRY--TOPICAL TERM
Topical term or geographic name as entry element Homiletical illustrations.
9 (RLIN) 12050
942 ## - ADDED ENTRY ELEMENTS (KOHA)
Source of classification or shelving scheme Library of Congress Classification
Koha item type Monograph ( Printed materials)
Holdings
Withdrawn status Lost status Source of classification or shelving scheme Damaged status Not for loan Collection code Home library Current library Shelving location Date acquired Total Checkouts Full call number Barcode Date last seen Price effective from Koha item type
    Library of Congress Classification     Main Collection ARRUPE LIBRARY ARRUPE LIBRARY Main Collection 03/10/2014   BX2170.L4 M38 46500003802 22/11/2017 03/10/2014 Monograph ( Printed materials)

 

Arrupe Library. PO Box MP320 Mt Pleasant, Harare, Zimbabwe
263 242 745411|librarian@aju.ac.zw